| 000 | 00494nam a2200169 a 4500 | ||
|---|---|---|---|
| 005 | 20240614063710.0 | ||
| 008 | 991125s1943 mx 000 0 spa u | ||
| 035 | _aUPN01000038514 | ||
| 049 | _aCG | ||
| 050 | 4 |
_aPE1128 A2 _bH3.42 |
|
| 100 | 1 |
_aHamilton, J. _928890 |
|
| 245 | 1 | 0 |
_aMétodo de inglés : _bsegundo libro, clave de los ejercicios / _cpor J. Hamilton. |
| 260 |
_aMéxico : _bProgreso, _c[1943?]. |
||
| 300 | _a60 p. | ||
| 650 | 4 |
_aInglés _xEstudio y enseñanza _918 |
|
| 905 | _aLibro | ||
| 999 |
_c38514 _d38514 |
||